| 000 | 00569nam a2200205Ia 4500 | ||
|---|---|---|---|
| 005 | 20260429111946.0 | ||
| 008 | 260429s9999||||xx |||||||||||||| ||und|| | ||
| 020 | _a9789355325044 | ||
| 041 | _aEnglish | ||
| 082 |
_a005.1 _bPRE |
||
| 100 | _aPressman, Roger S. | ||
| 245 | 0 |
_aSoftware engineering : _ba practitioner's approach / _cRoger S. Pressman |
|
| 250 | _a9th ed. | ||
| 260 |
_aIndia : _bMcGraw Hill, _c2020. |
||
| 300 | _axxiv, 676 p.; pbk | ||
| 650 | _a Software engineering | ||
| 650 | _aComputer science | ||
| 700 | _a Maxim, Bruce R. | ||
| 942 | _cTB | ||
| 999 |
_c51628 _d51628 |
||